Rumbo a Oceanía
שמור ב:
| מחבר ראשי: | |
|---|---|
| פורמט: | ספר |
| שפה: | ספרדית |
| יצא לאור: |
Santiago
Zig-Zag
1955
|
| מהדורה: | 1a. ed |
| סדרה: | Colección Historia y Documentos
|
| נושאים: | |
| תגים: |
הוספת תג
אין תגיות, היה/י הראשונ/ה לתייג את הרשומה!
|
MARC
| LEADER | 00000cam a2200000 a 4500 | ||
|---|---|---|---|
| 001 | UCE8677 | ||
| 003 | CL-VaPUC | ||
| 008 | 150827e19550000cl |||||||||||||||||spa|d | ||
| 082 | 0 | 4 | |a Ch863 |b MER |2 21 |
| 100 | |a Merino Reyes, Luis |e autor |9 581398 | ||
| 245 | 1 | 0 | |a Rumbo a Oceanía |
| 250 | |a 1a. ed | ||
| 300 | |a 119 p | ||
| 942 | |c BK | ||
| 945 | |d 20150827 16:13:00 |a dcastane | ||
| 260 | |a Santiago |b Zig-Zag |c 1955 | ||
| 650 | 0 | |a Novelas chilenas |9 265425 | |
| 650 | 0 | |a Literatura chilena |9 308278 | |
| 583 | |a last modification |c 20150827 16:13:00 |k Rodrigo Vera | ||
| 490 | 0 | |a Colección Historia y Documentos | |
| 999 | |c 360463 |d 360461 | ||
| 952 | |0 0 |1 0 |3 erb |4 0 |6 CH_863_000000000000000_MER_1955 |7 0 |8 X |9 470296 |a FDOBUD |b FDOBUD |e Valenzuela Fuenzalida, Alvaro Miguel, 1932- |i 5189977 |o Ch863 MER 1955 |p 5189977 |r 2019-11-23 |w 2019-11-23 |y BK_X |z Catalogado en:20150827 |k BUD | ||